Five Polity Paths: (Record no. 186169)
[ view plain ]
| 000 -LEADER | |
|---|---|
| fixed length control field | 00597nam a22001817a 4500 |
| 005 - DATE AND TIME OF LATEST TRANSACTION | |
| control field | 20220215154657.0 |
| 010 ## - LCCN (DPL NO) | |
| LC control number | ENG-131602 |
| 020 ## - INTERNATIONAL STANDARD BOOK NUMBER | |
| International Standard Book Number | 9788193944493 |
| Terms of availability | 531.00 |
| 035 ## - SYSTEM CONTROL NUMBER | |
| System control number | EN-115134 |
| 037 ## - SOURCE OF ACQUISITION | |
| Source of stock number/acquisition | DBAD |
| 082 ## - DEWEY DECIMAL CLASSIFICATION NUMBER | |
| Classification number | 881 |
| 100 ## - MAIN ENTRY--PERSONAL NAME | |
| Personal name | Misra, Munindra |
| 245 ## - TITLE STATEMENT | |
| Title | Five Polity Paths: |
| Remainder of title | Panchtantra In English Rhyme/ |
| Statement of responsibility, etc | Munindra Misra |
| 260 ## - PUBLICATION, DISTRIBUTION, ETC. (IMPRINT) | |
| Place of publication, distribution, etc | Noida |
| Name of publisher, distributor, etc | Jitendra Anand Infratech Private Limited |
| Date of publication, distribution, etc | 2019 |
| 270 ## - ADDRESS | |
| Address | 2203, Express Trade Towers-2, Sector-132 |
| City | Noida |
| Postal code | 201304 |
| Electronic mail address | jai3ebooksandpublishing@gmail.com |
| 300 ## - PHYSICAL DESCRIPTION | |
| Extent | 326p. |
| Dimensions | 22cm(pbk) |
| 942 ## - ADDED ENTRY ELEMENTS (KOHA) | |
| Source of classification or shelving scheme | Dewey Decimal Classification |
| Item type | English Books |
| Classification part | 881 |
| Call number suffix | MIS |
| Withdrawn status | Lost status | Not for loan | Collection code | Home library | Current library | Date acquired | Source of acquisition | Cost, normal purchase price | Full call number | Barcode | Copy number | Cost, replacement price | Koha item type |
|---|---|---|---|---|---|---|---|---|---|---|---|---|---|
| Non-fiction | Bawana | Bawana | 15/02/2022 | DBAD/PUB | 531.00 | 881 MIS | EN-115134 | 1 | 531.00 | English Books |
